Cartoon Intro Lyrics or Narration II Quiz Stats

 Plays Quiz Updated Mar 29, 2019

Support Sporcle.
Go Orange.
Score 0/35 Timer 06:00
9 Plays Today
% Correct
Spider-Man
88.9%
Teenage Mutant Ninja Turtles
87.1%
The Yogi Bear Show
85.7%
Darkwing Duck
82.5%
Family Guy
81.1%
The Fairly Oddparents
79.5%
The Magic School Bus
75%
The Adventures of Jimmy Neutron: Boy Genius
72.2%
Animaniacs
68.2%
Rainbow Brite
65.9%
Tiny Toon Adventures
64.9%
Pokémon
62.7%
I Am Weasel
61.9%
Arthur
60%
Ben 10
59.4%
He-Man and the Masters of the Universe
57.8%
Speed Racer
57.7%
Wally Gator
55.6%
% Correct
Sealab 2020
53.1%
Wacky Races
49%
Adventure Time
48.6%
Samurai Jack
43.2%
ThunderCats
42.5%
Bump in the Night
41.5%
Goof Troop
37.9%
G.I. Joe: A Real American Hero
37.4%
The Replacements
34.5%
Aqua Teen Hunger Force
32.3%
Total Drama Island
29.8%
The Marvelous Misadventures of Flapjack
29.4%
Garfield and Friends
28.1%
Underdog
23.1%
Hong Kong Phooey
21.8%
The Rocky and Bullwinkle Show
14.8%
Heathcliff
11.9%

You're not logged in!

Compare scores with friends on all Sporcle quizzes.
OR
Log In

From the Vault

Either/Or in 30: First Ladies

by MSUKent

Now was it Jackie or Jessie Kennedy?
Remove Ads.
Support Sporcle.
Get the best of Sporcle when you Go Orange. This ad-free experience offers more features, more stats, and more fun while also helping to support Sporcle. Thank you for becoming a member.

Show Comments

Extras

Top Quizzes Today


Score Distribution

Your Account Isn't Verified!

In order to create a playlist on Sporcle, you need to verify the email address you used during registration. Go to your Sporcle Settings to finish the process.

Report this User

Report this user for behavior that violates our Community Guidelines.

Details: